000
00341nam a2200133Ia 4500
008
240624s9999 xx 000 0 und d
041
_a
eng
082
_a
621.3973 CHA
100
_a
CHAKRABORTY KANAD
245
_a
FAULT TOLERANCE AND RELIABILITY TECHNIQU
260
_c
2002
_a
New Delhi
_b
Pearson Education
300
_a
xix, : 426
365
_c
RS
999
_c
895
_d
895